| 000 | 00650nam a2200205 a 4500 | ||
|---|---|---|---|
| 005 | 20210223121129.0 | ||
| 008 | 991125s1992 mx 000 0 spa u | ||
| 020 | _a9681639308 | ||
| 035 | _aUPN01000012802 | ||
| 049 | _aCG | ||
| 050 | 4 |
_aJL1249 W9 _bA4.3 |
|
| 100 | 1 | _aAlvarez Ponce de León, Griselda | |
| 245 | 1 | 0 |
_aCuesta arriba : _bmemorias de la primera gobernadora / _cGriselda Alvarez. |
| 260 |
_aMéxico : _bFCE : _bUniversidad de Colima, _c1992. |
||
| 300 | _a190 p. | ||
| 440 | 0 | _aVida y pensamiento de México | |
| 600 | 1 | 4 |
_aALVAREZ PONCE DE LEON, GRISELDA, _d1918-2009 _92719 |
| 650 | 4 |
_aMUJERES EN LA POLITICA _98184 |
|
| 905 | _aLibro | ||
| 999 |
_c12802 _d12802 |
||